The life and times of Winston Churchill / (Record no. 27627)
[ view plain ]
| 000 -LEADER | |
|---|---|
| fixed length control field | 00734cam a22002411 4500 |
| 001 - CONTROL NUMBER | |
| control field | 27627 |
| 003 - CONTROL NUMBER IDENTIFIER | |
| rucl marc code | BD-RjUL |
| 005 - DATE AND TIME OF LATEST TRANSACTION | |
| control field | 20211209051159.0 |
| 008 - FIXED-LENGTH DATA ELEMENTS--GENERAL INFORMATION | |
| fixed length control field | 140325s1945 enkac 000 0beng |
| 035 ## - SYSTEM CONTROL NUMBER | |
| System control number | (BD-RjUL)27706 |
| System control number | (BD-RjUL)27706 |
| 040 ## - CATALOGING SOURCE | |
| Original cataloging agency | DLC |
| Transcribing agency | ODaWU |
| Modifying agency | OCoLC |
| -- | BD-RjUL |
| Language of cataloging | eng |
| 041 ## - LANGUAGE CODE | |
| Language code of text/sound track or separate title | eng |
| 082 00 - DEWEY DECIMAL CLASSIFICATION NUMBER | |
| Classification number | 941.084092 |
| -- | B |
| Author mark and year | THL 1940 |
| 100 1# - MAIN ENTRY--PERSONAL NAME | |
| Personal name | Thomson, Malcolm. |
| 9 (RLIN) | 84856 |
| 245 14 - TITLE STATEMENT | |
| Title | The life and times of Winston Churchill / |
| Statement of responsibility, etc. | by Malcolm Thomson. |
| 260 ## - PUBLICATION, DISTRIBUTION, ETC. (IMPRINT) | |
| Place of publication, distribution, etc. | London, |
| Name of publisher, distributor, etc. | Odhams Press limited |
| Date of publication, distribution, etc. | [1945] |
| 300 ## - PHYSICAL DESCRIPTION | |
| Pagination | 352 p. incl. front., illus. (incl. ports.) |
| Size | 23 cm. |
| Illustrations | ill. ; |
| 600 10 - SUBJECT ADDED ENTRY--PERSONAL NAME | |
| Personal name | Churchill, Winston, |
| Dates associated with a name | 1874-1965. |
| 942 ## - ADDED ENTRY ELEMENTS (KOHA) | |
| Source of classification or shelving scheme | Dewey Decimal Classification |
| Koha item type | Books |
| Lost status | Source of classification or shelving scheme | Damaged status | Not for loan | Collection code | Permanent Location | Current Location | Shelving location | Date acquired | Source of acquisition | Cost, normal purchase price | Total Checkouts | Full call number | Date last seen | Copy number | Koha item type |
|---|---|---|---|---|---|---|---|---|---|---|---|---|---|---|---|
| Dewey Decimal Classification | Added to bundle | Non-fiction | Central Library, University of Rajshahi | Central Library, University of Rajshahi | Reading Room | 31/01/1955 | p.c.b.s | 7.13 | 941.084092 THL 1940 | 25/03/2014 | C-1 | Books |